[Event "Titled Tuesday intern op 20th Dec Early"]
[Site "Chess.com INT"]
[Date "2022.12.20"]
[Round "1"]
[White "Khoroshev, Nikita"]
[Black "Degenbaev, Aziz"]
[Result "1-0"]
[WhiteElo "2336"]
[BlackElo "2139"]
[PlyCount "99"]
[EventDate "2022.12.20"]
[EventType "swiss (blitz)"]
[EventRounds "11"]
[EventCountry "USA"]
[SourceTitle "EXT 2024"]
[Source "ChessBase"]
[SourceDate "2023.10.10"]
[SourceVersion "1"]
[SourceVersionDate "2023.10.10"]
[SourceQuality "1"]

1. d4 Nf6 2. c4 g6 3. Nc3 Bg7 4. Nf3 0-0 5. e4 d6 6. Be2 e5 7. dxe5 dxe5 8. Bg5 c6 9. Qxd8 Rxd8 10. h3 h6 11. Be3 Re8 12. 0-0-0 Na6 13. c5 Nc7 14. Rd6 Nh5 15. Rhd1 Nf4 16. Bf1 Be6 17. b3 f6 18. Kc2 g5 19. g3 Ng6 20. Rd7 Bxd7 21. Rxd7 Re7 22. Bc4+ Kf8 23. Rd1 Ke8 24. b4 Rd8 25. Rb1 Nf8 26. a4 Nfe6 27. Ne2 Red7 28. b5 f5 29. exf5 Nd4+ 30. Bxd4 exd4 31. Ne1 Nd5 32. bxc6 bxc6 33. Nd3 Nc3 34. Nxc3 dxc3 35. Re1+ Kf8 36. Re6 Rd4 37. Ba6 Rxa4 38. Rxc6 Ra2+ 39. Kb3 Rd2 40. f6 c2 41. fxg7+ Kxg7 42. Kb2 Rb8+ 43. Kc1 Re2 44. Rc7+ Kf6 45. Rc6+ Ke7 46. Rc7+ Kd8 47. Rb7 Rxb7 48. Bxb7 Kc7 49. Bf3 Rd2 50. Kxd2 1-0